Mangas sans voyelles - Statistiques

Statistiques générales
  • Ce quiz a été pris 1 146 fois
  • Le résultat moyen est 18 sur 20
Statistiques - réponses
Indices Réponses % Correct
HNTR X HNTR Hunter x Hunter
99%
DMN SLR Demon Slayer
97%
DRGN BLL Dragon Ball
97%
SSSSNTN CLSSRM Assassination Classroom
96%
L'TTQ DS TTNS L'Attaque des Titans
96%
BLCH Bleach
95%
N PCH MN One Punch Man
95%
JJTS KSN Jujutsu Kaisen
94%
N PC One Piece
94%
BLCK CLVR Black Clover
93%
BRSRK Berserk
91%
DTH NT Death Note
90%
TK RVNGRS Tokyo Revengers
90%
JJ'S BZRR DVNTR JoJo's Bizarre Adventure
88%
FLLMTL LCHMST Fullmetal Alchemist
87%
NRT Naruto
86%
M HR CDM My Hero Academia
85%
CHNSW MN Chainsaw Man
84%
FR TL Fairy Tail
81%
DNDDN Dandadan
70%
Aucun quiz correspondant
Distribution des résultats
% des personnes avec chaque résultat
Percentile par nombre de réponses
Votre historique - résultats
Vous n’avez pas pris ce quiz